Central Library and Information Centre
Sibsagar Girls' College, Sivasagar : Assam

POPIYA TORA (Record no. 28664)

MARC details
000 -LEADER
fixed length control field 00339nam a22001337a 4500
005 - DATE AND TIME OF LATEST TRANSACTION
control field 20230625125508.0
008 - FIXED-LENGTH DATA ELEMENTS--GENERAL INFORMATION
fixed length control field 220608b ||||| |||| 00| 0 eng d
040 ## - CATALOGING SOURCE
Transcribing agency OCLC
082 ## - DEWEY DECIMAL CLASSIFICATION NUMBER
Edition number DDC
Classification number 920
Item number RUP
100 ## - MAIN ENTRY--PERSONAL NAME
Personal name DAS, JUGESH
245 ## - TITLE STATEMENT
Title POPIYA TORA
Medium ASSAMESE
260 ## - PUBLICATION, DISTRIBUTION, ETC.
Place of publication, distribution, etc. GUWAHATI
Name of publisher, distributor, etc. RUPALEEM SANASKRITIK SANSTHA
Date of publication, distribution, etc. 1977
942 ## - ADDED ENTRY ELEMENTS (KOHA)
Source of classification or shelving scheme Dewey Decimal Classification
Koha item type Books
Holdings
Withdrawn status Lost status Source of classification or shelving scheme Damaged status Not for loan Collection code Home library Current library Shelving location Date acquired Source of acquisition Full call number Barcode Date last seen Price effective from Koha item type Public note
    Dewey Decimal Classification     REFASM Central Library and Information Centre Sibsagar Girls College Central Library and Information Centre Sibsagar Girls College BBLMC 18.02.2022 BBMC 920 RUP 46088 08.06.2022 08.06.2022 Books Donated by Biren Borkotoky Family


Sibsagar Girl's College © 2020. All rights reserved.
Powered by Koha.
Maintained by Abhijit Borpuzari.